A Quiz About Russian Composers - Statistics

General Stats
  • This quiz has been taken 123 times
  • The average score is 9 of 12
Answer Stats
hint composer % Correct
1812 Overture - with cannons! Pyotr Tchaikovsky
95%
Firebird Russian born, 20-year French resident, died in New York in 1971 Igor Stravinsky
93%
Flight of the Bumblebee Nikolai Rimsky-Korsakov
88%
Romeo and Juliet; Peter and the Wolf; 1891-1953 Sergei Prokofiev
87%
Дмитрий Шостакович ; 1906-1975 Dmitri Shostakovich
85%
Pictures at an Exhibition Modest Mussorgsky
85%
2nd & 3rd Piano Concertos; died in Beverley Hills, CA in 1943 Sergei Rachmaninov
79%
Spartacus; Sabre Dance; born in present-day Armenia Aram Khachaturian
68%
In the Steppes of Central Asia Alexander Borodin
66%
Ruslan and Lyudmila, an opera based on a plot created in 15 minutes by a drunk poet Mikhail Glinka
45%
Alexander Nikolayevich, 1872-1915 No one was more famous during their lifetime, and few were more quickly ignored after death Alexander Scriabin
35%
Raymonda, and a saxophone concerto; 1865-1936 Alexander Glazunov
33%
No matching quizzes found
Score Distribution
Percent of People with Each Score
Percentile by Number Answered
Your Score History
You have not taken this quiz